| 000 | 00391nam a2200157Ia 4500 | ||
|---|---|---|---|
| 008 | 220204s9999 xx 000 0 und d | ||
| 082 |
_a62(035) _bman |
||
| 245 | 0 | _aEngineering materials handbook | |
| 260 |
_aNew York _bMcGraw Hill _c1958 |
||
| 650 | _aConcrete | ||
| 650 | _aEngineering steels | ||
| 650 | _aReinforced metal | ||
| 700 | _aL | ||
| 700 | _aMantell, Charles | ||
| 942 | _cBK | ||
| 999 |
_c26956 _d26956 |
||